000 00306nam a2200133Ia 4500
008 190216s9999||||xx |||||||||||||| ||und||
100 _aChatergee .p.n
245 0 _aModern Algebra
250 _a13rd Ed.
260 _bRajhans Publications
_c1997
300 _a128p
650 _aMathematics
942 _cBK
999 _c31284
_d31284